All WWE Andre the Giant Battle Royal Winners - Statistics

General Stats
  • This quiz has been taken 882 times
    337 since last reset
  • The average score is 8 of 11
Answer Stats
Year Winner % Correct
2015 The Big Show
90%
2014 Cesaro
89%
2016 Baron Corbin
80%
2021 Jey Uso
80%
2019 Braun Strowman
76%
2025 Carmelo Hayes
73%
2017 Mojo Rawley
69%
2023 Bobby Lashley
65%
2018 Matt Hardy
64%
2024 Bronson Reed
61%
2022 Madcap Moss
46%
No matching quizzes found
Score Distribution
Percent of People with Each Score
Percentile by Number Answered
Your Score History
You have not taken this quiz since the last reset